| 000 | 00502nam a22001817a 4500 | ||
|---|---|---|---|
| 003 | 0 | ||
| 005 | 20240119070600.0 | ||
| 008 | 240119b xxu||||| |||| 00| 0 eng d | ||
| 020 | _a978-981-07-4636-0 | ||
| 050 |
_aTR _bVer473 2008 |
||
| 082 |
_aTR _bVer473 2008 |
||
| 100 | _aBland, Nick | ||
| 245 |
_aThe very cranky bear _cNick Bland |
||
| 260 |
_aNew York _bScholastic, Inc. _cc2008. |
||
| 300 |
_aunpaged : _bcolored illustrations ; _c25 cm. |
||
| 650 | _aChildrens stories. | ||
| 942 |
_2ddc _cBK |
||
| 999 |
_c365871 _d365871 |
||